Buscando tiempo para leer y lecturas recomendadas / (Registro nro. 13970)

Detalles MARC
000 -LEADER
fixed length control field 01138nam a2200313 a 4500
001 - CONTROL NUMBER
control field
003 - CONTROL NUMBER IDENTIFIER
control field DO-SdBNP
005 - DATE AND TIME OF LATEST TRANSACTION
control field 20220120112134.0
008 - FIXED-LENGTH DATA ELEMENTS--GENERAL INFORMATION
fixed length control field 100812s2006 dr r 000 0 spa d
020 ## - INTERNATIONAL STANDARD BOOK NUMBER
International Standard Book Number 9945160265
040 ## - CATALOGING SOURCE
Original cataloging agency DO-SdBNP
Language of cataloging spa
Transcribing agency BPMSU
082 ## - DEWEY DECIMAL CLASSIFICATION NUMBER
Classification number 028.5
Item number L296b, 2006
Edition number 22
100 1# - MAIN ENTRY--PERSONAL NAME
Personal name Lantigua, José Rafael
Dates associated with a name 1949-
245 10 - TITLE STATEMENT
Title Buscando tiempo para leer y lecturas recomendadas /
Statement of responsibility, etc. José Rafael Lantigua, Juan Tomás Tavares ; prólogo Juan Daniel Balcácer.
250 ## - EDITION STATEMENT
Edition statement 2a ed.
260 ## - PUBLICATION, DISTRIBUTION, ETC. (IMPRINT)
Place of publication, distribution, etc. Santo Domingo :
Name of publisher, distributor, etc. Comisión Permanente de Efemérides Patrias,
Date of publication, distribution, etc. 2006.
300 ## - PHYSICAL DESCRIPTION
Extent 78 p. ;
Dimensions 22 cm.
490 1# - SERIES STATEMENT
Series statement Colección de la Comisión Permanente de Efemérides Patrias
Volume/sequential designation 12
590 ## - LOCAL NOTE (RLIN)
Local note Inventariado,2022/VM
650 #4 - SUBJECT ADDED ENTRY--TOPICAL TERM
Topical term or geographic name as entry element Libros y lectura
650 #4 - SUBJECT ADDED ENTRY--TOPICAL TERM
Topical term or geographic name as entry element Promoción de la lectura
650 #4 - SUBJECT ADDED ENTRY--TOPICAL TERM
Topical term or geographic name as entry element Guía para lectores
700 1# - ADDED ENTRY--PERSONAL NAME
Personal name Tavares, Juan Tomás,
700 1# - ADDED ENTRY--PERSONAL NAME
Personal name Balcácer, Juan Daniel,
Relator term pról.
710 2# - ADDED ENTRY--CORPORATE NAME
Corporate name or jurisdiction name as entry element Comisión Permanente de Efemérides Patrias (República Dominicana)
830 #0 - SERIES ADDED ENTRY--UNIFORM TITLE
Uniform title Colección de la Comisión Permanente de Efemérides Patrias
Number of part/section of a work 12
910 ## - USER-OPTION DATA (OCLC)
User-option data VMateo V.
942 ## - ADDED ENTRY ELEMENTS (KOHA)
Source of classification or shelving scheme Dewey Decimal Classification
Koha item type Libros
Existencias
Withdrawn status Lost status Source of classification or shelving scheme Damaged status Not for loan Collection code Home library Current library Date acquired Source of acquisition Full call number Barcode Date last seen Price effective from Koha item type Total Checkouts Copy number
    Dewey Decimal Classification     Colección Dominicana Biblioteca Pública Metropolitana Salomé Ureña Biblioteca Pública Metropolitana Salomé Ureña 01/20/2022 CPEP BPMSU CD 028.5 L296b 2006 BPMSU22010056 01/20/2022 01/20/2022 Libros    
    Dewey Decimal Classification     Colección Dominicana Biblioteca Pública Metropolitana Salomé Ureña Biblioteca Pública Metropolitana Salomé Ureña 01/20/2022 CPEP BPMSU CD 028.5 L296b, 2006 BPMSU22010057 01/20/2022 01/20/2022 Libros   e.2
    Dewey Decimal Classification     Colección Dominicana Biblioteca Pública Metropolitana Salomé Ureña Biblioteca Pública Metropolitana Salomé Ureña 01/20/2022 CPEP BPMSU CD 028.5 L296b, 2006 BPMSU26010012 01/15/2026 01/20/2022 Libros   e.3